[Event "2nd Hersonissos Open 2018"]
[Site "Hersonissos"]
[Date "2018.06.24"]
[Round "9"]
[White "Koutsourakis, Ioannis"]
[Black "Loshkarev, Dmitri"]
[Result "1/2-1/2"]
[WhiteElo "1560"]
[BlackElo "2089"]
[Annotator "NA"]
[PlyCount "82"]
[EventDate "2018.06.23"]
[EventType "swiss"]
[EventCountry "GRE"]
[SourceTitle "playchess.com"]
[Source "ChessBase"]
[SourceQuality "1"]
[TimeControl "5400+30"]

1. d4 {[%emt 0:00:00]} d5 {[%emt 0:01:48]} 2. c4 {[%emt 0:00:00]} dxc4 {[%emt 0:00:26]} 3. e3 {[%emt 0:00:00]} Nf6 {[%emt 0:00:26]} 4. Bxc4 {[%emt 0:00:08]} e6 {[%emt 0:00:09]} 5. Nf3 {[%emt 0:00:40]} c5 {[%emt 0:00:14]} 6. O-O {[%emt 0:01:41]} a6 {[%emt 0:00:07]} 7. Qe2 {[%emt 0:02:09]} b5 {[%emt 0:01:19]} 8. Bd3 {[%emt 0:00:06]} Nc6 {[%emt 0:00:54]} 9. dxc5 Bxc5 {[%emt 0:00:29]} 10. a3 $11 {[%emt 0:10:21] LiveBook: 50 Games} O-O {[%emt 0:04:29]} 11. b4 {[%emt 0:00:38]} Bb6 {[%emt 0:02:58]} 12. Bb2 {[%emt 0:03:04]} Qe7 {[%emt 0:01:52]} 13. Nc3 {[%emt 0:12:24]} h6 {[%emt 0:11:26]} 14. Rac1 {[%emt 0:03:21]} Bb7 {[%emt 0:00:25]} 15. Rfd1 {[%emt 0:07:28]} Rac8 {[%emt 0:07:34]} 16. Rd2 {[%emt 0:07:51]} Ba8 {[%emt 0:12:09]} 17. Rdc2 {[%emt 0:03:29]} Rcd8 {[%emt 0:09:39]} 18. Rd2 {[%emt 0:10:27]} e5 {[%emt 0:06:45]} 19. Ne4 {[%emt 0:04:38]} Nd7 {[%emt 0:10:49]} 20. Nc3 {[%emt 0:04:59]} Nf6 {[%emt 0:03:51]} 21. Ne4 {[%emt 0:00:08]} Rxd3 {[%emt 0:01:03]} 22. Qxd3 {[%emt 0:08:21]} Nxe4 {[%emt 0:04:23]} 23. Qxe4 {[%emt 0:00:06]} Nd4 {[%emt 0:01:50]} 24. Qxe5 {[%emt 0:00:26]} Qxe5 {[%emt 0:00:46]} 25. Nxe5 {[%emt 0:00:06]} Nb3 {[%emt 0:00:25]} 26. Rcd1 {[%emt 0:08:00]} Nxd2 {[%emt 0:00:29]} 27. Rxd2 {[%emt 0:00:01]} Rd8 {[%emt 0:02:00]} 28. Rxd8+ {[%emt 0:00:49]} Bxd8 {[%emt 0:00:07]} 29. Nd3 {[%emt 0:00:11]} a5 {[%emt 0:01:20]} 30. bxa5 {[%emt 0:00:50]} Bxa5 {[%emt 0:00:06]} 31. f3 {[%emt 0:01:07]} Bd5 {[%emt 0:00:37]} 32. Nb4 {[%emt 0:01:23]} Bxb4 {[%emt 0:00:29]} 33. axb4 {[%emt 0:00:01]} f5 {[%emt 0:01:22]} 34. Kf2 {[%emt 0:00:07]} g6 {[%emt 0:01:05]} 35. h3 {[%emt 0:00:45]} h5 {[%emt 0:00:26]} 36. h4 {[%emt 0:00:54]} Kf7 {[%emt 0:00:11]} 37. Kg3 {[%emt 0:00:29]} Bc4 {[%emt 0:00:29]} 38. Kf4 {[%emt 0:00:17]} Bf1 {[%emt 0:00:24]} 39. g3 {[%emt 0:00:10]} Bc4 {[%emt 0:00:04]} 40. e4 {[%emt 0:00:00]} fxe4 {[%emt 0:00:00]} 41. fxe4 {[%emt 0:00:00]} Ke6 {[%emt 0:00:00]} 1/2-1/2

[Event "2nd Hersonissos Open 2018"]
[Site "Hersonissos"]
[Date "2018.06.24"]
[Round "9"]
[White "Mateev, Kaloyan Mateev"]
[Black "Stefanov, Evtim"]
[Result "1-0"]
[WhiteElo "1539"]
[BlackElo "1959"]
[Annotator "NA"]
[PlyCount "41"]
[EventDate "2018.06.23"]
[EventType "swiss"]
[EventCountry "GRE"]
[SourceTitle "playchess.com"]
[Source "ChessBase"]
[SourceQuality "1"]
[TimeControl "5400+30"]

1. b3 {[%emt 0:00:04]} d5 {[%emt 0:01:26]} 2. e3 {[%emt 0:00:29]} e5 {[%emt 0:02:43]} 3. Bb2 {[%emt 0:01:39]} Bd6 {[%emt 0:15:01]} 4. c4 {[%emt 0:01:21]} c6 {[%emt 0:00:39]} 5. Nf3 {[%emt 0:05:28]} Qe7 {[%emt 0:03:55]} 6. d4 {[%emt 0:06:56]} e4 {[%emt 0:11:52]} 7. Ne5 {[%emt 0:04:25]} f6 {[%emt 0:03:30]} 8. Qh5+ {[%emt 0:00:59]} Kf8 {[%emt 0:04:33]} 9. Ng6+ {[%emt 0:01:49]} hxg6 {[%emt 0:00:12]} 10. Qxh8 {[%emt 0:00:09]} Kf7 {[%emt 0:02:18]} 11. h4 {[%emt 0:04:04]} Na6 {[%emt 0:01:46]} 12. h5 {[%emt 0:02:21]} Nh6 {[%emt 0:03:31]} 13. Be2 $11 {[%emt 0:03:36]} (13. hxg6+ $18 Kxg6 14. Be2) 13... Nc7 {[%emt 0:06:36]} 14. hxg6+ {[%emt 0:03:33]} Ke6 {[%emt 0:03:11]} 15. Rxh6 {[%emt 0:04:32]} Bd7 {[%emt 0:02:01]} 16. Qh7 {[%emt 0:01:39]} gxh6 {[%emt 0:00:46]} 17. g7 {[%emt 0:03:07]} Qf7 {[%emt 0:02:52]} 18. c5 {[%emt 0:04:51]} Be7 {[%emt 0:01:13]} 19. Bg4+ {[%emt 0:00:53]} f5 {[%emt 0:00:33]} 20. Bxf5+ {[%emt 0:00:43]} Qxf5 {[%emt 0:02:01]} 21. g8=Q+ {Ke5} 1-0

[Event "2nd Hersonissos Open 2018"]
[Site "Hersonissos"]
[Date "2018.06.24"]
[Round "9"]
[White "Koutsouraki, Ariadni"]
[Black "Angermuende, Dirk"]
[Result "0-1"]
[WhiteElo "1373"]
[BlackElo "1966"]
[Annotator "NA"]
[PlyCount "98"]
[EventDate "2018.06.23"]
[EventType "swiss"]
[EventCountry "GRE"]
[SourceTitle "playchess.com"]
[Source "ChessBase"]
[SourceQuality "1"]
[TimeControl "5400+30"]

1. e4 {[%emt 0:00:00]} e6 {[%emt 0:00:15]} 2. d4 {[%emt 0:00:00]} d5 {[%emt 0:00:06]} 3. exd5 {[%emt 0:00:53]} exd5 {[%emt 0:00:06]} 4. Bd3 {[%emt 0:01:14]} Bd6 $11 {[%emt 0:00:05] LiveBook: 728 Partien} 5. Nf3 {[%emt 0:04:13]} Ne7 {[%emt 0:00:12]} 6. h3 {[%emt 0:03:27]} O-O {[%emt 0:00:16]} 7. O-O {[%emt 0:00:45]} Bf5 {[%emt 0:00:38]} 8. Re1 {[%emt 0:01:27]} Bxd3 9. Qxd3 {[%emt 0:00:50]} c6 {[%emt 0:01:03]} 10. c3 {[%emt 0:04:00]} Nd7 {[%emt 0:00:43]} 11. Be3 {[%emt 0:03:49]} Qc7 {[%emt 0:00:55]} 12. Nbd2 {[%emt 0:07:27]} Rae8 {[%emt 0:00:11]} 13. c4 {[%emt 0:04:55]} dxc4 {[%emt 0:01:24]} 14. Nxc4 {[%emt 0:02:28]} Bb4 {[%emt 0:01:12]} 15. Red1 {[%emt 0:04:11]} Nd5 {[%emt 0:00:42]} 16. a3 {[%emt 0:03:33]} Be7 {[%emt 0:00:10]} 17. Rac1 {[%emt 0:02:13]} Qd8 {[%emt 0:04:01]} 18. Qb3 {[%emt 0:02:14]} N7b6 {[%emt 0:02:05]} 19. Nce5 {[%emt 0:04:36]} Bd6 {[%emt 0:03:07]} 20. Re1 {[%emt 0:01:19]} Re7 {[%emt 0:02:05]} 21. Bd2 {[%emt 0:04:04]} Rfe8 {[%emt 0:01:28]} 22. Nd3 {[%emt 0:06:55]} Nc8 {[%emt 0:07:52]} 23. Nb4 {[%emt 0:06:49]} Qb6 {[%emt 0:03:50]} 24. Qc4 {[%emt 0:04:17]} Bxb4 {[%emt 0:05:02]} 25. Bxb4 {[%emt 0:00:57]} Nxb4 {[%emt 0:00:19]} 26. axb4 {[%emt 0:01:49]} Rxe1+ {[%emt 0:01:59]} 27. Rxe1 {[%emt 0:00:16]} Rxe1+ {[%emt 0:00:06]} 28. Nxe1 {[%emt 0:00:06]} Ne7 {[%emt 0:01:15]} 29. Qc5 {[%emt 0:00:59]} Nd5 {[%emt 0:00:10]} 30. Qxb6 {[%emt 0:01:04]} Nxb6 {[%emt 0:02:45]} 31. Nc2 {[%emt 0:00:23]} Kf8 {[%emt 0:00:51]} 32. f3 {[%emt 0:00:51]} Ke7 {[%emt 0:00:46]} 33. Kf2 {[%emt 0:00:14]} Nd5 {[%emt 0:01:36]} 34. g3 {[%emt 0:01:17]} Kd6 {[%emt 0:00:14]} 35. Ke2 {[%emt 0:01:13]} h5 {[%emt 0:01:09]} 36. h4 {[%emt 0:00:59]} f6 {[%emt 0:00:23]} 37. f4 {[%emt 0:02:34]} Ke6 {[%emt 0:02:09]} 38. Kf3 {[%emt 0:01:19]} Kf5 {[%emt 0:04:33]} 39. Ne3+ {[%emt 0:00:50]} Nxe3 {[%emt 0:00:06]} 40. Kxe3 {[%emt 0:00:00]} Kg4 {[%emt 0:00:00]} 41. Kf2 {[%emt 0:00:00]} Kh3 {[%emt 0:00:00]} 42. b5 {[%emt 0:00:00]} a6 {[%emt 0:00:00]} 43. bxc6 {[%emt 0:00:00]} bxc6 {[%emt 0:00:00]} 44. Kf3 {[%emt 0:00:00]} f5 {[%emt 0:00:00]} 45. Kf2 {[%emt 0:00:00]} Kh2 {[%emt 0:00:00]} 46. Kf3 {[%emt 0:00:00]} Kg1 {[%emt 0:00:00]} 47. b3 {[%emt 0:00:00]} a5 {[%emt 0:00:00]} 48. Ke2 {[%emt 0:00:00]} Kg2 {[%emt 0:00:00]} 49. Ke3 {[%emt 0:00:00]} Kxg3 {[%emt 0:00:00]} 0-1